000 01051nam a22002537a 4500
005 20140903174953.0
008 131122s2011 enkad frb 001 0 eng d
020 _a0857930664
020 _a9780857930668
040 _aCO-BoUCM
_bspa
_cAngélica Rojas
_dAldemar Mondragón
041 0 0 _aeng
100 1 _aWhite, Roger
_d1967-
_951092
245 1 0 _aInternational migration and economic integration understanding the immigrant-trade link
_cRoger White, Bedassa Tadesse
260 _aCheltenham (Reino Unido)
_aNorthampton (Massachusetts, Estados Unidos)
_bEdward Elgar
_c2011
300 _axi, 315 páginas
_bilustraciones y gráficas
504 _aIncluye referencias bibliográficas e índices
650 7 _aComercio internacional
_911207
650 7 _aEmigración e inmigración
_xAspectos económicos
_951093
650 7 _aIntegración económica internacional
_933496
690 _942797
_aEconomía internacional
700 1 _aBedassa Tadesse
_951094
942 _a7
_cLIBRO
_e1
_mW582i
_2DEWEY
_h337.1
999 _c182592
_d182592